Регионална библиотека "Любен Каравелов" - Русе

Увод в микроикономиката (Запис номер 56090)

MARC детайли
000 -Лидер
Контролно поле с фиксирана дължина 01667nam a2200361 c 4500
003 - Код на организацията, давaща контролен номер
Контролно поле BLK
005 - Дата и час на последна редакция
Контролно поле 20180422101948.0
008 - Елементи от данни с фиксирана дължина
fixed length control field 180408b bul|||||r ||||||| ||bul||
010 ## - Наследен системен номер
LC control number KNG00060067000
020 ## - Международен стандартен номер на книга ISBN
Международен стандартен номер на книга ISBN 954-07-0223-2
-- издат.: Унив. изд. Св. Климент Охридски
040 ## - Източник на каталожния запис
Идентификатор на билиотеката - собственик на записа BLK
041 ## - Код за език
Код за езика на текст/звукозапис или на отделно заглавие Български
Код за езика КДБФ Български
080 ## - УДК
Текстов определител УДК Макроикономика. Микроикономика
УДК код - определител по УДК 330.101.54
УДК определител (072)
УДК - код + определител 330.101.54(072)
100 1# - Редна дума - Автор
Автор Лейдлър, Дейвид
Авторска отговорност първи автор
R(LIN) 88223
139 ## - Редно поле
Редна дума Лейдлър, Дейвид и др.
Авторски знак Леи - Л 40
245 10 - Сведения за заглавието
Заглавие Увод в микроикономиката
Подзаглавни данни Ръководство за преподаватели
Редно поле (дума) Дейвид Лейдлър; съавт. Сол Естрин; прев. от англ. Цветан Емилов Сарийски; прев. от англ. Васил Бресковски.
257 ## - Страна на издаване
Страна на създаване/издаване България
260 ## - Област на издателските данни
-- София
Име на издателя, разпространителя и проч. Унив. изд. Св. Климент Охридски
Година на издаване 1993
300 ## - Физическа характеристика
Страници 171 с.
Размери/Мащаб 24 см
380 ## - Жанр
Жанр Обществени науки
650 #4 - Допълнително описание по предмет – тема
Основно описание – тема или топоним Микроикономика - методика на преподаване
9 (RLIN) 286619
653 ## - Ключова дума – ненормативна
Ключова дума макроикономика
653 ## - Ключова дума – ненормативна
Ключова дума методика на преподаването
653 ## - Ключова дума – ненормативна
Ключова дума ръководства
700 1# - Други автори (авторска отговорност)
Лично име Естрин, Сол
Автороска отговорност (Описва отношението между автора и произведението) съавт.
9 (RLIN) 286618
700 1# - Други автори (авторска отговорност)
Лично име Сарийски, Цветан Емилов
Автороска отговорност (Описва отношението между автора и произведението) прев. от англ.
9 (RLIN) 369259
700 1# - Други автори (авторска отговорност)
Лично име Бресковски, Васил
Автороска отговорност (Описва отношението между автора и произведението) прев. от англ.
9 (RLIN) 43248
852 ## - Местоположение
Форматна сигнатура Цб 178796
856 4# - Електронен адрес и достъп
Електронен формат pdf - файл
Път до файла /url/
856 4# - Електронен адрес и достъп
Електронен формат pdf - файл
Път до файла /url/
942 ## - АРТИКУЛИ
Вид на библиотечния материал Книги
Скрит в OPAC Не
944 ## - СЪЗДАВАНЕ И РЕДАКЦИЯ на ЗАПИСА
Създаване/Редакция Създаване
Дата на регистрацията/редакция 13.06.2004
Служител, извършил регистрацията/редакцията Ренета_Константинова
944 ## - СЪЗДАВАНЕ И РЕДАКЦИЯ на ЗАПИСА
Създаване/Редакция Редакция
Дата на регистрацията/редакция 05.11.2014
Служител, извършил регистрацията/редакцията
999 ## - СИСТЕМНИ КОНТРОЛНИ НОМЕРА
Koha biblionumber 56090
Koha biblioitemnumber 56090
Наличности
Код за отписване Код за изгубен артикул Източник на класификационната схема Код за повреда Коз за рестрикции Код за отдаване Артикулен № Име на библиотеката - собственик Име на библиотеката, в която се намира в момента Статус (Текущо местоположение) Дата на вписване в системата Местоположение - отдел Цена в лева Инвентарен номер Систематично азбучна сигнатура Баркод Номер на екземпляра Цена в евро Служебна бележка Служебен тип на артикула
  Не е изгубен Universal Decimal Classification Не е повреден без рестрикции ползва се в читалня 88301 Регионална библиотека "Любен Каравелов" Русе Регионална библиотека "Любен Каравелов" Русе Хранилище 1993-01-01 Хранилище 1.58 584632 Цб 178796 120000584632 1 0.81 Вид: Д N: стар фонд Дата: 01.01.1993 Дата инв: 02.09.2015 Бележки инв: Цб2015 Книги
  Не е изгубен Universal Decimal Classification Не е повреден без рестрикции заемане за дома 88302 Регионална библиотека "Любен Каравелов" Русе Регионална библиотека "Любен Каравелов" Русе Заемна - подръчен фонд 1993-01-01 Заемна - подръчен фонд 5.00 656886 П 330.1/Л 40 120000656886 2 2.56 Вид: Ф N: стар фонд Дата: 01.01.1993 Дата инв: 05.02.2018 Бележки инв: П2018 Книги
Изтеглен Не е изгубен Universal Decimal Classification Не е повреден без рестрикции заемане за дома 88303 Регионална библиотека "Любен Каравелов" Русе Регионална библиотека "Любен Каравелов" Русе Заемна - подръчен фонд 1993-01-01 Заемна - подръчен фонд 5.00 656888 П 330.1/Л 40 656888 3 2.56 Вид: Ф N: стар фонд Дата: 01.01.1993 Дата инв: 05.02.2018 Бележки инв: П2018 Книги
  Не е изгубен Universal Decimal Classification Не е повреден без рестрикции заемане за дома 88304 Регионална библиотека "Любен Каравелов" Русе Регионална библиотека "Любен Каравелов" Русе Заемна - подръчен фонд 1993-01-01 Заемна - подръчен фонд 5.00 656889 П 330.1/Л 40 120000656889 4 2.56 Вид: Ф N: стар фонд Дата: 01.01.1993 Дата инв: 05.02.2018 Бележки инв: П2018 Книги
Vip Innovations Ltd, Rousse, Bulgaria 2025